MARC details
| 000 -CABECERA |
| campo de control de longitud fija |
01148cam a2200301 a 4500 |
| 001 - NÚMERO DE CONTROL |
| campo de control |
000014499 |
| 005 - FECHA Y HORA DE LA ÚLTIMA TRANSACCIÓN |
| campo de control |
20200929163848.0 |
| 008 - DATOS DE LONGITUD FIJA--INFORMACIÓN GENERAL |
| campo de control de longitud fija |
020925r20011998pr a b 000 0 spa |
| 020 ## - NÚMERO INTERNACIONAL ESTÁNDAR DEL LIBRO |
| Número Internacional Estándar del Libro |
156328197X |
| 040 ## - FUENTE DE LA CATALOGACIÓN |
| Centro catalogador/agencia de origen |
DO-SdBNP |
| Centro/agencia transcriptor |
DLC |
| 082 ## - NÚMERO DE LA CLASIFICACIÓN DECIMAL DEWEY |
| Número de clasificación |
304.82 |
| Número de documento/Ítem |
L864e |
| 049 ## - FONDOS LOCALES (OCLC) |
| Fondos de biblioteca |
bngr |
| 100 1# - ENTRADA PRINCIPAL--NOMBRE DE PERSONA |
| Nombre de persona |
Lopez Blanch, Hedelberto, |
| Fechas asociadas al nombre |
1947- |
| 9 (RLIN) |
32746 |
| 240 10 - TÍTULO UNIFORME |
| Título uniforme |
Emigración cubana en Estados Unidos |
| 245 10 - MENCIÓN DE TÍTULO |
| Título |
Descorriendo mamparas : |
| Resto del título |
la emigración cubana en los Estados Unidos / |
| Mención de responsabilidad, etc. |
Hedelberto Lopez Blanch ; prólogo Wayne S. Smith. |
| 246 30 - FORMA VARIANTE DE TÍTULO |
| Título propio/Titulo breve |
Descorriendo mamparas |
| 260 ## - PUBLICACIÓN, DISTRIBUCIÓN, ETC. |
| Lugar de publicación, distribución, etc. |
San Juan, Puerto Rico : |
| Nombre del editor, distribuidor, etc. |
Plaza Mayor, |
| Fecha de publicación, distribución, etc. |
2001. |
| 300 ## - DESCRIPCIÓN FÍSICA |
| Extensión |
194 p. : |
| Otras características físicas |
il. ; |
| Dimensiones |
21 cm. |
| 490 1# - MENCIÓN DE SERIE |
| Mención de serie |
Cultura cubana |
| -- |
Periodismo |
| 504 ## - NOTA DE BIBLIOGRAFÍA, ETC. |
| Nota de bibliografía, etc. |
Incluye referencias bibliográficas |
| 650 #4 - PUNTO DE ACCESO ADICIONAL DE MATERIA--TÉRMINO DE MATERIA |
| Término de materia o nombre geográfico como elemento de entrada |
Cuba |
| Subdivisión general |
Condiciones económicas |
| Subdivisión cronológica |
SIGLO XX |
| 9 (RLIN) |
32747 |
| 651 #4 - PUNTO DE ACCESO ADICIONAL DE MATERIA--NOMBRE GEOGRÁFICO |
| Nombre geográfico |
Cuba |
| Subdivisión general |
Emigración E Inmigración |
| 9 (RLIN) |
13492 |
| 651 #4 - PUNTO DE ACCESO ADICIONAL DE MATERIA--NOMBRE GEOGRÁFICO |
| Nombre geográfico |
Estados Unidos |
| Subdivisión general |
Relaciones Con Cuba |
| 9 (RLIN) |
5832 |
| 651 #4 - PUNTO DE ACCESO ADICIONAL DE MATERIA--NOMBRE GEOGRÁFICO |
| Nombre geográfico |
Estados Unidos |
| Subdivisión general |
Relaciones Raciales |
| -- |
Opinión Pública |
| 9 (RLIN) |
32748 |
| 700 1# - PUNTO DE ACCESO ADICIONAL--NOMBRE DE PERSONA |
| Nombre de persona |
Smith, Wayne S., |
| Numeración |
pról. |
| 9 (RLIN) |
32749 |
| 830 #0 - PUNTO DE ACCESO ADICIONAL DE SERIE-TÍTULO UNIFORME |
| Título uniforme |
Cultura cubana. |
| Nombre de parte o sección de la obra |
Periodismo |
| 9 (RLIN) |
32750 |
| 910 ## - DATOS DE OPCIÓN DEL USUARIO (OCLC) |
| Datos de opción del usuario |
Catalogación por copia / LC |